Nino, o menino de saturno (Record no. 191917)

MARC details
000 -LÍDER
campo de controle de tamanho fixo 00378 a2200169 4500
001 - NÚMERO DE CONTROLE
campo de controle 191917
020 ## - ISBN - INTERNATIONAL STANDARD BOOK NUMBER
ISBN - International Standard Book Number 978-85-06-07601-9
040 ## - FONTE DA CATALOGAÇÃO
Instituição que transcreveu o registro Magnum
100 ## - ENTRADA PRINCIPAL--NOME PESSOAL
Nome pessoal Ziraldo
240 10 - TÍTULO UNIFORME
Título uniforme Nino, o menino de saturno
Idioma da obra por
245 10 - TÍTULO
Título Nino, o menino de saturno
300 ## - DESCRIÇÃO FÍSICA
Extensão 47
362 0# - DATAS DE PUBLICAÇÃO E/OU DESIGNAÇÃO SEQUENCIAL
Datas de publicação e/ou designação sequencial 2015
440 #1 - DECLARAÇÃO DE SÉRIE/ENTRADA ADICIONADA--TÍTULO
Título Melhoramentos
697 ## - ENTRADA DE ASSUNTO LOCAL--ENTIDADE COLETIVA (RLIN)
Nome corporativo ou nome da jurisdição LITERATURA INFANTO-JUVENIL
942 ## - ELEMENTOS DE ENTRADA ADICIONADOS (KOHA)
Tipo de material Koha Livros
Holdings
Situação do descarte Situação das perdas Situação física Não pode ser emprestado Biblioteca de origem Biblioteca atual Data de aquisição Total de empréstimos Número de chamada completo Código de barras Data de último acesso Data do preço efetivo Tipo de material Koha Fonte da classificação ou esquema de arquivamento na estante Nota pública
        Magnum Magnum 08/06/2024   869.2.1495 MAG00069750 08/06/2024 08/06/2024 Livros    
        Novo Tempo - Aureliano São José Novo Tempo - Aureliano São José 04/07/2024     if665 04/07/2024 04/07/2024 Livros Classificação Decimal de Dewey N